ბათუმის შოთა რუსთაველის სახელმწიფო უნივერსიტეტის ბიბლიოთეკა

კომპიუტერები და კომპიუტერული ტექნოლოგიები : (ბიბ.ჩანაწერი № 35758)

000 -ლიდერი
ფიქსირებული სიგრძის საკონტროლო ველი 01023nam a2200241Ia 4500
001 - საკონტროლო ნომერი
საკონტროლო ველი 1637
003 - საკონტროლო ნომრის იდენტიფიკატორი
საკონტროლო ველი GE_BSU
005 - ბოლო ოპერაციის თარიღი და დრო
საკონტროლო ველი 20210225135454.0
008 - ფიქსირებული სიგრძის მონაცემთა ელემენტები - ზოგადი ინფორმაცია
ფიქსირებული სიგრძის საკონტროლო ველი 181216s2009||||ge |||||||||||||| ||geo||
020 ## - წიგნის საერთაშორისო სტანდარტული ნომერი
International Standard Book Number 9992888237
040 ## - კატალოგიზაციის წყარო
Transcribing agency GE_BSU
041 ## - ენის კოდი
Language code of text/sound track or separate title geo
080 ## - უნივერსალური ათობითი კლასიფიკაციის ინდექსი
Universal Decimal Classification number 004.42(075.8) მ–43
100 ## - მთავარი ჩანაწერი - პიროვნების სახელი
Personal name მაჭარაძე, თ.
9 (RLIN) 10235
245 ## - ცნობა სათაურის შესახებ
Title კომპიუტერები და კომპიუტერული ტექნოლოგიები :
Remainder of title Windows, Word, Excel, Power point, Internet, E-mail /
Statement of responsibility, etc თ. მაჭარაძე, ზ. წვერაიძე.
264 ## - წარმოების, გამოცემის, დისტრიბუციის და სხვა ცნობები
გამოცემის, წარმოების, დისტრიბუციის... ადგილი თბილისი :
გამოცემის, წარმოების, დისტრიბუციის... სახელწოდება სტუ,
გამოცემის, წარმოების, დისტრიბუციის... თარიღი 2009.
300 ## - ფიზიკური აღწერა
Extent 363 გვ. ;
Other physical details 19 სმ.
653 ## - INDEX TERM--UNCONTROLLED
Uncontrolled term ინფორმატიკა
653 ## - INDEX TERM--UNCONTROLLED
Uncontrolled term კომპიუტერული ტექნოლოგიები.
653 ## - INDEX TERM--UNCONTROLLED
Uncontrolled term საინფორმაციო ტექნოლოგიები
700 ## - ADDED ENTRY--PERSONAL NAME
Personal name წვერაიძე, ზ.
Relator term ავტორი
9 (RLIN) 10236
942 ## - ADDED ENTRY ELEMENTS (KOHA)
Koha item type წიგნი
Source of classification or shelving scheme
ეგზემპლარები
ჩამოწერის სტატუსი დაკარგული ეგზემპლარის სტატუსი კლასიფიკაციის წყარო ან თაროზე გაწყობის სქემა მითითებული მასალები (აკინძული ტომები ან სხვა ნაწილი) დაზიანების სტატუსი არ გაიცემა მუდმივი მდებარეობა (დაცვის ადგილი) ამჟამინდელი ადგილსამყოფელი თაროზე განთავსების ადგილი შეძენის თარიღი ღირებულება, შესყიდვის ნორმალური ფასი სრული შენახვის შიფრი შტრიხკოდი ბოლო ოპერაციის თარიღი ეგზემპლარის მიმდევრობითი ნომერი (კეტერი?) ფასის ძალაში შესვლის თარიღი ეგზემპლარის სახეობა საჯარო შენიშვნა
      გადაცემულია პროფესიული პროგრამების მართვის და უწყვეტი განათლების ცენტრისთვის     ტექნოლოგიური ფაკულტეტის ბიბლიოთეკა ტექნოლოგიური ფაკულტეტის ბიბლიოთეკა წიგნსაცავი 2018-12-17 15.00 004.42(075.8) მ–43 3255 2018-12-17 3255 2018-12-17 წიგნი 15 ლ.